Detroit Tigers World Series Results Quiz Stats

 Plays Quiz not verified by Sporcle

Score 0/11 Timer 03:00
0 Plays Today
Year - Opponent Won (W) or Lost (L) World Series % Correct
2012 - San Francisco Giants???
86.7%
1984 - San Diego Padres???
85.2%
2006 - St. Louis Cardinals???
85.2%
1908 - Chicago Cubs???
81.3%
1907 - Chicago Cubs???
80.5%
1935 - Chicago Cubs???
78.9%
1945 - Chicago Cubs???
78.9%
1940 - Cincinnati Reds???
75.8%
1968 - St. Louis Cardinals???
75.8%
1909 - Pittsburgh Pirates???
71.9%
1934 - St. Louis Cardinals???
71.9%

You're not logged in!

Compare scores with friends on all Sporcle quizzes.
OR
Log In

Sporcle TV

Today on Sporcle TV


Watch our educational content, quiz creation guides, and fun videos on Sporcle TV.

Show Comments

Extras

Top Quizzes Today


Score Distribution

Your Account Isn't Verified!

In order to create a playlist on Sporcle, you need to verify the email address you used during registration. Go to your Sporcle Settings to finish the process.

Report this User

Report this user for behavior that violates our Community Guidelines.

Details: